00584 2200169 4500245008600000020002200086250001000108100002200118650003500140005001900175260004100194041001400235084001100249500011000260490003500370336000900405 aEnsiklopedia Nabi Muhammad SAW Sebagai Pemimpin Volume 9cZAIDAH KUSUMAWATIhText a978-979-3535-84-5 aCet.1 aZAIDAH KUSUMAWATI aEnsiklopedia Nabi Muhammad SAW a20231124110346 aJakartabPT Ikrar Mandiriabadic2011 aIndonesia a297.03 aDaftar Isi : Kepemimpinan periode mekkah, Nabi muhammad sebagai negarawan, Nabi Muhammad sebagai diplomat aEnsiklopedia Nabi Muhammad SAW atext